| 000 | 00679nam a22002177a 4500 | ||
|---|---|---|---|
| 003 | OSt | ||
| 005 | 20140715213004.0 | ||
| 008 | 140710b xxu||||| |||| 00| 0 eng d | ||
| 040 | _cBMC | ||
| 082 | _a346.0127284 | ||
| 082 | _a346.017284 | ||
| 082 | _a346.0157284026 | ||
| 100 | 1 |
_915301 _aRomero Carrillo, Roberto |
|
| 245 | 1 | 0 |
_aDerecho del nombre _cRoberto Romero Carrillo |
| 260 |
_aSan Salvador _bEditorial Universitaria _c1989 |
||
| 300 |
_a101 p. _c21 cm |
||
| 650 | 2 | 4 |
_922093 _aNombres personales _xDerecho _zEl Salvador |
| 650 | 2 | 4 |
_922095 _aDerechos de la personalidad _zEl Salvador |
| 650 | 2 | 4 |
_917007 _aDerecho de familia _vLegislación _zEl Salvador |
| 942 |
_2ddc _cBK |
||
| 999 |
_c12131 _d12131 |
||